| 000 | 005370000a22001690004500 | ||
|---|---|---|---|
| 003 | MACL | ||
| 005 | 20160224151309.0 | ||
| 008 | 160224b xxu||||| |||| 00| 0 eng d | ||
| 040 |
_aMACL _cMACL |
||
| 041 | _aHindi | ||
| 082 | _a800 | ||
| 100 |
_aजवाहरलाला नेहरू _940084 |
||
| 245 | _aराजनीति से दूर | ||
| 260 |
_bसस्ता साहित्य मंडल प्रकाशन _c1950 _aदिल्ली |
||
| 650 |
_aLiteracture _939932 |
||
| 942 |
_cHIN _k800 _2ddc |
||
| 999 |
_c23299 _d23299 |
||